| Registos Bibliográficos associados ao registo de autoridade |
|
Etiqueta de registo: 00254nam 2200025 450 001 2284100 003 http://id.bnportugal.gov.pt/bib/catbnp/2284100 010 ## $a978-989-53578-4-0 021 ## $aPT$b555839/25 100 ## $a20260410d2025 m y0pory01030103ba 101 0# $apor 102 ## $aPT 105 ## $aa z 000fy 106 ## $ar 200 1# $a As pessoas das coisas$fRui de Almeida Paiva$gdes. Afonso Paiva 210 #9 $a[S.l.]$cDois Dias,$d2025 215 ## $a63, [1] p.$cil.$d20 cm 675 ## $a821.134.3-34"20"$vBN$zpor$31018838 700 #1 $aPaiva,$bRui Almeida,$f1977-$31460078 702 #1 $aPaiva,$bAfonso$4440$31995373 801 #0 $aPT$bBN$gRPC 856 41 $uhttp://rnod.bnportugal.gov.pt/ImagesBN/winlibimg.aspx?skey=&doc=2284100&img=222584&save=true 966 ## $lBN$mFGMON$sL. 123950 P.$x1 966 ## $lBN$mFGMON$sL. 123950 P.-D$x1 971 ## $cssilva$d20260410 972 ## $e0$z0$d20260526$vlrevez 973 ## $csteixeira$d20260504
|
|
|